[Event "46. Villa de Mislata - Open A 2012"]
[Site "Mislata ESP"]
[Date "2012.08.13"]
[Round "1.1"]
[White "Jordan Arenas, Manuel"]
[Black "Sanchez Guirado, Francisco"]
[Result "1/2-1/2"]
[WhiteElo "2151"]
[BlackElo "2357"]
[PlyCount "95"]
[EventDate "2012.08.13"]
[EventType "tourn"]
[EventRounds "9"]
[EventCountry "ESP"]
[EventCategory "2"]
[Source "lmi"]
[SourceDate "2012.08.13"]

1. d4 Nf6 2. c4 e6 3. Nf3 d5 4. Nc3 Bb4 5. Bg5 h6 6. Bxf6 Qxf6 7. e3 c5 8. a3
cxd4 9. exd4 Bxc3+ 10. bxc3 dxc4 11. Bxc4 O-O 12. O-O Nc6 13. Re1 Rd8 14. Qe2
b6 15. Rad1 Bb7 16. Ba6 Bxa6 17. Qxa6 Rac8 18. c4 Rc7 19. d5 Rcd7 20. Qb5 exd5
21. Rxd5 Rxd5 22. cxd5 Ne7 23. Qa6 Rd7 24. h3 Qd6 25. Ne5 Rc7 26. Nc6 Nxc6 27.
Re8+ Kh7 28. dxc6 Rxc6 29. Re1 Qd2 30. Rf1 Rc7 31. Qb5 Qc2 32. Re1 Rc5 33. Qd7
Rf5 34. Re2 Qc1+ 35. Kh2 Qf4+ 36. Kg1 Rc5 37. Re1 a5 38. Qd8 Rc6 39. Qd3+ Rg6
40. Re3 f5 41. Rf3 Qc1+ 42. Kh2 Qg5 43. Rg3 Qf4 44. Kg1 Rc6 45. Rxg7+ Kxg7 46.
Qd7+ Kg8 47. Qe8+ Kh7 48. Qf7+ 1/2-1/2

[Event "46. Villa de Mislata - Open A 2012"]
[Site "Mislata ESP"]
[Date "2012.08.13"]
[Round "1.2"]
[White "Roca Galarza, Jose"]
[Black "Crecente Penalba, Jose Manuel"]
[Result "0-1"]
[WhiteElo "2338"]
[BlackElo "2107"]
[PlyCount "94"]
[EventDate "2012.08.13"]
[EventType "tourn"]
[EventRounds "9"]
[EventCountry "ESP"]
[EventCategory "2"]
[Source "lmi"]
[SourceDate "2012.08.13"]

1. Nf3 Nf6 2. c4 e6 3. g3 d5 4. d4 Be7 5. Bg2 O-O 6. O-O dxc4 7. Qc2 a6 8. Qxc4
b5 9. Qc2 Bb7 10. Bf4 Bd6 11. Nc3 Nbd7 12. a3 Bxf4 13. gxf4 c5 14. dxc5 Qc7 15.
b4 Qxf4 16. Qd2 Qg4 17. h3 Qh5 18. Qf4 h6 19. Rfd1 Rac8 20. Rd6 Nxc5 21. bxc5
Rxc5 22. Rd3 e5 23. Nxe5 Bxg2 24. Kxg2 Rxe5 25. Rad1 Rfe8 26. Rg3 Ne4 27. Nxe4
Rxe4 28. Qf6 g5 29. Rd5 R4e6 30. Qf3 Qxf3+ 31. exf3 Re5 32. Rd4 R8e6 33. f4 Rf5
34. h4 f6 35. fxg5 hxg5 36. Rdg4 Re2 37. Rf3 Rxf3 38. Kxf3 Ra2 39. hxg5 Rxa3+
40. Ke2 fxg5 41. f4 Kf7 42. fxg5 Kg6 43. Kd2 a5 44. Kc2 Rh3 45. Rd4 Rf3 46. Rd8
Kxg5 47. Rb8 b4 0-1

[Event "46. Villa de Mislata - Open A 2012"]
[Site "Mislata ESP"]
[Date "2012.08.13"]
[Round "1.3"]
[White "Rubio Tent, Francisco"]
[Black "Fenollar Jorda, Manuel"]
[Result "1/2-1/2"]
[WhiteElo "2104"]
[BlackElo "2326"]
[PlyCount "78"]
[EventDate "2012.08.13"]
[EventType "tourn"]
[EventRounds "9"]
[EventCountry "ESP"]
[EventCategory "2"]
[Source "lmi"]
[SourceDate "2012.08.13"]

1. e4 e6 2. d4 d5 3. Nc3 Nf6 4. e5 Nfd7 5. f4 c5 6. Nf3 Nc6 7. Be3 a6 8. Qd2 b5
9. a3 Be7 10. Be2 Qb6 11. O-O Bb7 12. Rad1 Rc8 13. Kh1 g6 14. dxc5 Bxc5 15.
Bxc5 Qxc5 16. Nd4 Nxd4 17. Qxd4 Nb6 18. Qxc5 Rxc5 19. Rd4 Nc4 20. Bxc4 bxc4 21.
Rd2 Ke7 22. Ne2 Rb8 23. c3 Rb5 24. Nd4 Rb6 25. g3 Bc8 26. Rff2 Bd7 27. Kg2 Ba4
28. Kf3 Bb3 29. Ke3 Ba2 30. h3 Bb1 31. g4 Rg8 32. g5 Kd7 33. h4 Rh8 34. Rh2 h6
35. Kf3 Rbb8 36. Kg3 Be4 37. Rdf2 Rh7 38. Rd2 Rbh8 39. Rdf2 Rb8 1/2-1/2

[Event "46. Villa de Mislata - Open A 2012"]
[Site "Mislata ESP"]
[Date "2012.08.13"]
[Round "1.4"]
[White "Kovacevic, Slobodan"]
[Black "Capella Gimenez, Jose"]
[Result "1-0"]
[WhiteElo "2300"]
[BlackElo "2102"]
[PlyCount "149"]
[EventDate "2012.08.13"]
[EventType "tourn"]
[EventRounds "9"]
[EventCountry "ESP"]
[EventCategory "2"]
[Source "lmi"]
[SourceDate "2012.08.13"]

1. d4 Nf6 2. Nf3 g6 3. Bg5 Bg7 4. Nbd2 O-O 5. c3 b6 6. e3 Bb7 7. Bd3 d5 8. O-O
Nbd7 9. Qb1 c5 10. h3 Re8 11. Bf4 h6 12. Rd1 Rc8 13. a3 e6 14. Rc1 Nh5 15. Bh2
f5 16. Ne5 Bxe5 17. dxe5 c4 18. Be2 Ng7 19. Nf3 Nc5 20. Nd4 Qd7 21. Bd1 Re7 22.
Bc2 Rf8 23. f3 Ne8 24. Rd1 Nc7 25. Qc1 Qe8 26. Qd2 Nb5 27. Ne2 a6 28. Rf1 Na7
29. Bg3 Nc6 30. Rfd1 Qf7 31. Nd4 Qg7 32. Nxc6 Bxc6 33. a4 g5 34. Qd4 Ref7 35.
a5 Rb7 36. axb6 Nd7 37. Rxa6 Rfb8 38. Rda1 Qf8 39. Kh2 Qc5 40. R1a5 Qxd4 41.
cxd4 Rxb6 42. Rxb6 Rxb6 43. Ra2 Nb8 44. Be1 Ra6 45. Rxa6 Nxa6 46. Ba5 Kf7 47.
Kg1 Ke7 48. Kf2 h5 49. Ke2 Nb8 50. Bc7 Nd7 51. Bd6+ Ke8 52. Kd2 Nb6 53. Ba3 Na4
54. Kd1 Bb5 55. g4 fxg4 56. Bg6+ Kd7 57. fxg4 h4 58. Bf8 c3 59. b3 Nb2+ 60. Kc2
Bf1 61. Bh6 Bxh3 62. Bxg5 Bxg4 63. Bxh4 Nd1 64. Bg5 Kc6 65. Be8+ Kc7 66. Bh6
Kd8 67. Ba4 Nb2 68. Bb5 Nd1 69. b4 Kc7 70. Bf1 Kb6 71. Bd3 Nb2 72. Bg6 Na4 73.
Bf8 Be2 74. Be7 Bb5 75. Bf7 1-0

[Event "46. Villa de Mislata - Open A 2012"]
[Site "Mislata ESP"]
[Date "2012.08.13"]
[Round "1.5"]
[White "Martinez Lopez, Jaime"]
[Black "Sanchez Saez, Francisco"]
[Result "0-1"]
[WhiteElo "2098"]
[BlackElo "2289"]
[PlyCount "56"]
[EventDate "2012.08.13"]
[EventType "tourn"]
[EventRounds "9"]
[EventCountry "ESP"]
[EventCategory "2"]
[Source "lmi"]
[SourceDate "2012.08.13"]

1. Nf3 Nf6 2. c4 g6 3. Nc3 Bg7 4. g3 O-O 5. Bg2 d6 6. O-O Nbd7 7. Qc2 e5 8. d3
c6 9. Nd2 Ne8 10. b4 a6 11. a4 f5 12. Ba3 Ndf6 13. b5 axb5 14. axb5 c5 15. Bb2
Rxa1 16. Rxa1 f4 17. Ra8 fxg3 18. hxg3 Qd7 19. Nd1 Nc7 20. Ra7 Ne6 21. Bh3 g5
22. Ne3 Qf7 23. Nf5 g4 24. Nxd6 Qc7 25. Bxe5 gxh3 26. Nf3 Ng4 27. Ne8 Qf7 28.
Bxg7 Nxg7 0-1

[Event "46. Villa de Mislata - Open A 2012"]
[Site "Mislata ESP"]
[Date "2012.08.13"]
[Round "1.6"]
[White "Montoliu Cervero, Francisco"]
[Black "Gonzalez Aguirre, Luis"]
[Result "1-0"]
[WhiteElo "2270"]
[BlackElo "2096"]
[PlyCount "79"]
[EventDate "2012.08.13"]
[EventType "tourn"]
[EventRounds "9"]
[EventCountry "ESP"]
[EventCategory "2"]
[Source "lmi"]
[SourceDate "2012.08.13"]

1. e4 c6 2. d4 d5 3. Nc3 dxe4 4. Nxe4 Bf5 5. Ng3 Bg6 6. Nf3 Nd7 7. h4 h6 8. h5
Bh7 9. Bd3 Bxd3 10. Qxd3 e6 11. Bd2 Ngf6 12. O-O-O Be7 13. Kb1 O-O 14. Ne4 Nxe4
15. Qxe4 Nf6 16. Qe2 Qd5 17. Ne5 Qe4 18. Qxe4 Nxe4 19. Be1 Rfd8 20. f3 Nf6 21.
Bf2 Nd7 22. g4 Nxe5 23. dxe5 Kf8 24. f4 Ke8 25. c3 b6 26. Be3 Rxd1+ 27. Rxd1 f6
28. exf6 gxf6 29. f5 Bf8 30. fxe6 Rd8 31. Rxd8+ Kxd8 32. Kc2 Ke7 33. Kd3 Kxe6
34. Ke4 Bg7 35. b4 Bf8 36. a4 Bg7 37. b5 cxb5 38. axb5 Bf8 39. Bf4 Bg7 40. Bb8
1-0

[Event "46. Villa de Mislata - Open A 2012"]
[Site "Mislata ESP"]
[Date "2012.08.13"]
[Round "1.7"]
[White "Gimenez Menchon, Cesar"]
[Black "Garcia Trobat, Francisco"]
[Result "0-1"]
[WhiteElo "2029"]
[BlackElo "2257"]
[PlyCount "58"]
[EventDate "2012.08.13"]
[EventType "tourn"]
[EventRounds "9"]
[EventCountry "ESP"]
[EventCategory "2"]
[Source "lmi"]
[SourceDate "2012.08.13"]

1. d4 Nf6 2. Nf3 e6 3. Bf4 d5 4. e3 Be7 5. Bd3 Nbd7 6. Nbd2 Nh5 7. Bg3 g6 8.
Qe2 c5 9. c3 O-O 10. Ne5 Nxe5 11. Bxe5 f6 12. Bg3 e5 13. dxe5 Nxg3 14. hxg3
fxe5 15. O-O-O Qb6 16. c4 e4 17. Bc2 Bf6 18. Bb3 a5 19. a4 Bd7 20. cxd5 c4 21.
Nxe4 cxb3 22. Nxf6+ Qxf6 23. Rd2 Rac8+ 24. Kb1 Rc2 25. Rxc2 bxc2+ 26. Qxc2 Qxf2
27. Qc7 Qxg2 28. Rd1 Qe4+ 29. Qc2 Qxe3 0-1

[Event "46. Villa de Mislata - Open A 2012"]
[Site "Mislata ESP"]
[Date "2012.08.13"]
[Round "1.8"]
[White "Peña Riasco, Alexander"]
[Black "Gonzalvez Perales, Jose Luis"]
[Result "1/2-1/2"]
[WhiteElo "2237"]
[BlackElo "2028"]
[PlyCount "62"]
[EventDate "2012.08.13"]
[EventType "tourn"]
[EventRounds "9"]
[EventCountry "ESP"]
[EventCategory "2"]
[Source "lmi"]
[SourceDate "2012.08.13"]

1. e4 c6 2. d4 d5 3. Nd2 dxe4 4. Nxe4 Nd7 5. Nf3 Ngf6 6. Nxf6+ Nxf6 7. Bd3 Bg4
8. c3 Qd5 9. Be2 e6 10. h3 Bf5 11. Qb3 Qxb3 12. axb3 Bd6 13. b4 Nd7 14. O-O O-O
15. Be3 a6 16. Rfd1 Rad8 17. Nd2 Bc7 18. Nc4 Nb6 19. Na5 Rb8 20. c4 Nd7 21. f3
Rfd8 22. h4 Bg3 23. Bf2 Bxf2+ 24. Kxf2 h6 25. g4 Bh7 26. g5 hxg5 27. hxg5 Bf5
28. Ke3 Nf8 29. Rh1 Ng6 30. f4 Kf8 31. Bf3 Ke7 1/2-1/2

[Event "46. Villa de Mislata - Open A 2012"]
[Site "Mislata ESP"]
[Date "2012.08.13"]
[Round "1.9"]
[White "Plaza Agudo, Juan Francisco"]
[Black "Serna Lara, Sergio"]
[Result "0-1"]
[WhiteElo "2022"]
[BlackElo "2234"]
[PlyCount "56"]
[EventDate "2012.08.13"]
[EventType "tourn"]
[EventRounds "9"]
[EventCountry "ESP"]
[EventCategory "2"]
[Source "lmi"]
[SourceDate "2012.08.13"]

1. Nf3 d5 2. d4 Nf6 3. e3 g6 4. b3 Bg7 5. Bb2 O-O 6. Bd3 c5 7. O-O Nc6 8. a3
Ne4 9. Nbd2 Bf5 10. Re1 Qa5 11. Bxe4 dxe4 12. Nc4 Qc7 13. Nfe5 Rfd8 14. Nxc6
Qxc6 15. c3 e5 16. Rc1 b5 17. Nd2 Qd7 18. Qe2 Bg4 19. Qf1 Qb7 20. h3 Be6 21. c4
bxc4 22. Nxc4 Qxb3 23. Ba1 exd4 24. exd4 cxd4 25. Nd2 Qxa3 26. Nxe4 Rac8 27.
Rxc8 Rxc8 28. Rd1 Bb3 0-1

[Event "46. Villa de Mislata - Open A 2012"]
[Site "Mislata ESP"]
[Date "2012.08.13"]
[Round "1.10"]
[White "Mingo Fernandez, Matias"]
[Black "Cano Cabanillas, Javier"]
[Result "1-0"]
[WhiteElo "2216"]
[BlackElo "2020"]
[PlyCount "119"]
[EventDate "2012.08.13"]
[EventType "tourn"]
[EventRounds "9"]
[EventCountry "ESP"]
[EventCategory "2"]
[Source "lmi"]
[SourceDate "2012.08.13"]

1. d4 Nf6 2. Bf4 g6 3. e3 Bg7 4. Nf3 O-O 5. Be2 d5 6. h3 c5 7. c3 Nc6 8. Nbd2
Nd7 9. Bh2 e5 10. dxe5 Ndxe5 11. O-O Nxf3+ 12. Nxf3 d4 13. exd4 cxd4 14. cxd4
Nxd4 15. Nxd4 Qxd4 16. Qxd4 Bxd4 17. Bf3 Bxb2 18. Rab1 Bf6 19. Rfe1 Bf5 20.
Rxb7 Rfe8 21. Rxe8+ Rxe8 22. g4 Re1+ 23. Kg2 Bd3 24. Bf4 g5 25. Bd6 a6 26. Bd5
Be4+ 27. Bxe4 Rxe4 28. Rb6 a5 29. Rb5 a4 30. a3 Kg7 31. Bb4 Be7 32. Bxe7 Rxe7
33. Rxg5+ Kf8 34. Rc5 Re4 35. Kf3 Rd4 36. Ke3 Rd1 37. Rc4 Rh1 38. Rxa4 Rxh3+
39. Kf4 h5 40. Ra8+ Kg7 41. gxh5 Rxh5 42. a4 Rh1 43. a5 Ra1 44. a6 Ra5 45. Ke4
Ra1 46. Kd5 Ra2 47. f3 Ra3 48. f4 Ra1 49. Kc6 Kf6 50. Kb6 Rb1+ 51. Ka7 Rb4 52.
Rb8 Rxf4 53. Rb6+ Kg5 54. Kb7 Ra4 55. a7 Rxa7+ 56. Kxa7 f5 57. Ka6 f4 58. Kb5
f3 59. Kc4 Kf4 60. Kd3 1-0

[Event "46. Villa de Mislata - Open A 2012"]
[Site "Mislata ESP"]
[Date "2012.08.14"]
[Round "2.1"]
[White "Picazo Lopez, Juan Antonio"]
[Black "Kovacevic, Slobodan"]
[Result "0-1"]
[WhiteElo "2159"]
[BlackElo "2300"]
[PlyCount "112"]
[EventDate "2012.08.13"]
[EventType "tourn"]
[EventRounds "9"]
[EventCountry "ESP"]
[EventCategory "2"]
[Source "lmi"]
[SourceDate "2012.08.13"]

1. d4 Nf6 2. c4 e6 3. Nc3 c5 4. d5 exd5 5. cxd5 d6 6. e4 g6 7. f4 Bg7 8. Bb5+
Nfd7 9. Be2 O-O 10. Nf3 Re8 11. O-O Na6 12. Bd2 Nf6 13. Qc2 Bg4 14. Rae1 Bxf3
15. Rxf3 Ng4 16. g3 Nc7 17. a4 a6 18. a5 Rb8 19. Kg2 Nf6 20. Bc4 Nd7 21. b4 b5
22. Ba2 c4 23. Bb1 Qe7 24. g4 Rf8 25. h4 Nf6 26. g5 Nh5 27. Qd1 f6 28. Rf2 Qd7
29. f5 fxg5 30. hxg5 Be5 31. Rh1 Qe8 32. Qg4 Rd8 33. Bc2 Rd7 34. Rh3 Re7 35. f6
Rd7 36. Bd1 Kh8 37. Qh4 Rg8 38. Ne2 h6 39. gxh6 Rh7 40. Bg5 Qf7 41. Kh1 Nxd5
42. Rhf3 Nxb4 43. Nc3 Nc6 44. Nd5 Nd4 45. Rh3 Ne6 46. Ne7 Nxg5 47. Qxg5 Bxf6
48. Bxh5 Bxe7 49. Qd2 Qe6 50. Qd4+ Qe5 51. Qxe5+ dxe5 52. Bg4 Bg5 53. Be6 Re8
54. Bd5 Bf4 55. Re2 Rc7 56. Kg1 c3 0-1

[Event "46. Villa de Mislata - Open A 2012"]
[Site "Mislata ESP"]
[Date "2012.08.14"]
[Round "2.2"]
[White "Sanchez Saez, Francisco"]
[Black "Sos Andreu, Eric"]
[Result "0-1"]
[WhiteElo "2289"]
[BlackElo "2165"]
[PlyCount "48"]
[EventDate "2012.08.13"]
[EventType "tourn"]
[EventRounds "9"]
[EventCountry "ESP"]
[EventCategory "2"]
[Source "lmi"]
[SourceDate "2012.08.13"]

1. e4 c6 2. d4 d5 3. Nc3 dxe4 4. Bc4 Nf6 5. f3 exf3 6. Nxf3 e6 7. Bg5 Be7 8.
Qe2 O-O 9. h4 b5 10. Bd3 b4 11. Bxf6 gxf6 12. Ne4 Qd5 13. Rh3 Ba6 14. Ne5 Bxd3
15. cxd3 f5 16. Rg3+ Kh8 17. Qe3 Bxh4 18. Qh6 Bxg3+ 19. Nxg3 Nd7 20. Nh5 Qxg2
21. Nxd7 Qg6 22. Qxg6 hxg6 23. Nf4 g5 24. Nh5 Rfd8 0-1

[Event "46. Villa de Mislata - Open A 2012"]
[Site "Mislata ESP"]
[Date "2012.08.14"]
[Round "2.3"]
[White "Mingarro Carceller, Sergi"]
[Black "Montoliu Cervero, Francisco"]
[Result "0-1"]
[WhiteElo "2158"]
[BlackElo "2270"]
[PlyCount "62"]
[EventDate "2012.08.13"]
[EventType "tourn"]
[EventRounds "9"]
[EventCountry "ESP"]
[EventCategory "2"]
[Source "lmi"]
[SourceDate "2012.08.13"]

1. d4 d5 2. c4 c6 3. Nf3 Nf6 4. e3 a6 5. Bd3 b5 6. b3 Bg4 7. Nbd2 Nbd7 8. Qc2
Bxf3 9. Nxf3 g6 10. O-O bxc4 11. bxc4 Bg7 12. Rb1 O-O 13. Ba3 Re8 14. Qa4 e5
15. Nxe5 Nxe5 16. dxe5 Ng4 17. Be2 Nxe5 18. Rfd1 Qh4 19. Rd4 Nf3+ 20. Bxf3 Bxd4
21. cxd5 Rxe3 22. g3 Qg5 23. fxe3 Qxe3+ 24. Kg2 Qf2+ 25. Kh3 Qxf3 26. Qxd4 Qf5+
27. Kg2 Qc2+ 28. Kh3 Qxb1 29. Bb2 Qf5+ 30. g4 Qf3+ 31. Kh4 f6 0-1

[Event "46. Villa de Mislata - Open A 2012"]
[Site "Mislata ESP"]
[Date "2012.08.14"]
[Round "2.4"]
[White "Garcia Trobat, Francisco"]
[Black "Aymerich Rosell, Pablo"]
[Result "0-1"]
[WhiteElo "2257"]
[BlackElo "2159"]
[PlyCount "76"]
[EventDate "2012.08.13"]
[EventType "tourn"]
[EventRounds "9"]
[EventCountry "ESP"]
[EventCategory "2"]
[Source "lmi"]
[SourceDate "2012.08.13"]

1. d4 Nf6 2. Nf3 e6 3. c4 d5 4. Nc3 Bb4 5. Bg5 Nbd7 6. e3 c5 7. cxd5 exd5 8.
Bd3 Qa5 9. O-O O-O 10. Nxd5 Nxd5 11. a3 cxd4 12. axb4 Qxb4 13. e4 N5b6 14. e5
Re8 15. Bd2 Qe7 16. Bxh7+ Kxh7 17. Ng5+ Kg8 18. Qh5 Nf8 19. Ra3 Nc4 20. Bb4 g6
21. Qh6 Qxb4 22. e6 Bxe6 23. Nxe6 Rxe6 24. Rh3 f6 25. Qh8+ Kf7 26. Rh7+ Ke8 27.
Qg8 Ne5 28. f4 Ned7 29. Qf7+ Kd8 30. Rh8 Qe7 31. Qxg6 Re1 32. Qd3 Qe3+ 33. Qxe3
Rxe3 34. Rd1 Re4 35. g3 Rc8 36. Kf2 Rc2+ 37. Kf3 Re3+ 38. Kg4 d3 0-1

[Event "46. Villa de Mislata - Open A 2012"]
[Site "Mislata ESP"]
[Date "2012.08.14"]
[Round "2.5"]
[White "Serna Lara, Sergio"]
[Black "Nieto Tornero, Jose"]
[Result "1-0"]
[WhiteElo "2234"]
[BlackElo "1993"]
[PlyCount "95"]
[EventDate "2012.08.13"]
[EventType "tourn"]
[EventRounds "9"]
[EventCountry "ESP"]
[EventCategory "2"]
[Source "lmi"]
[SourceDate "2012.08.13"]

1. d4 d5 2. c4 c6 3. Nf3 Nf6 4. e3 e6 5. b3 Nbd7 6. Bb2 Bb4+ 7. Nbd2 Ne4 8. Bd3
Qa5 9. a3 Bxd2+ 10. Nxd2 Qxd2+ 11. Qxd2 Nxd2 12. Kxd2 O-O 13. Rac1 f5 14. f3
Nf6 15. a4 Re8 16. h3 Kf7 17. g4 g6 18. Ba3 Rd8 19. Rhf1 h5 20. Rf2 dxc4 21.
bxc4 b6 22. Kc3 hxg4 23. hxg4 Bb7 24. e4 c5 25. d5 exd5 26. exd5 f4 27. g5 Nh5
28. Re1 Re8 29. Rfe2 Rxe2 30. Rxe2 Bc8 31. Bc1 Bd7 32. a5 bxa5 33. Rb2 Be8 34.
Rb7+ Kg8 35. Ba3 Rc8 36. Rxa7 a4 37. Ra5 Rb8 38. Bc2 Ng3 39. Bxc5 Ne2+ 40. Kd2
Ng3 41. Bd6 Rb2 42. Ra8 Kf7 43. Ra7+ Kg8 44. Bxf4 Nf1+ 45. Kc3 Ra2 46. Bd3 Ra3+
47. Kd4 Ra1 48. c5 1-0

[Event "46. Villa de Mislata - Open A 2012"]
[Site "Mislata ESP"]
[Date "2012.08.14"]
[Round "2.6"]
[White "Crecente Penalba, Jose Manuel"]
[Black "Mingo Fernandez, Matias"]
[Result "1-0"]
[WhiteElo "2107"]
[BlackElo "2216"]
[PlyCount "101"]
[EventDate "2012.08.13"]
[EventType "tourn"]
[EventRounds "9"]
[EventCountry "ESP"]
[EventCategory "2"]
[Source "lmi"]
[SourceDate "2012.08.13"]

1. d4 d5 2. c4 e6 3. Nf3 Nf6 4. Nc3 c6 5. Bg5 Nbd7 6. cxd5 exd5 7. e3 Be7 8.
Bd3 O-O 9. O-O Re8 10. Rb1 Nf8 11. h3 Be6 12. b4 N6d7 13. Bf4 f6 14. Qc2 Bf7
15. Rfc1 Nb6 16. Nd2 Bd6 17. Bxd6 Qxd6 18. Na4 Nxa4 19. Qxa4 a6 20. Qb3 Rac8
21. Rc2 Rc7 22. Rbc1 g6 23. a4 Nd7 24. b5 axb5 25. axb5 c5 26. Qa3 b6 27. dxc5
bxc5 28. Nb3 Rec8 29. Nd4 Qf8 30. Qa5 c4 31. Be2 Rc5 32. Ra1 Ne5 33. Qa6 Qe7
34. Nc6 Qe6 35. Qxc8+ Qxc8 36. Ne7+ Kg7 37. Nxc8 Rxc8 38. f4 Nd7 39. Ra7 Nc5
40. Bf3 Kf8 41. Rca2 c3 42. Ra8 Rxa8 43. Rxa8+ Ke7 44. Rc8 Na4 45. Bd1 Be6 46.
Rc7+ Kd8 47. Rc6 Nb2 48. b6 Bc8 49. Be2 Na4 50. Bb5 Bd7 51. b7 1-0

[Event "46. Villa de Mislata - Open A 2012"]
[Site "Mislata ESP"]
[Date "2012.08.14"]
[Round "2.7"]
[White "Sanchez Guirado, Francisco"]
[Black "Diez Fraile, David"]
[Result "1/2-1/2"]
[WhiteElo "2357"]
[BlackElo "2202"]
[PlyCount "122"]
[EventDate "2012.08.13"]
[EventType "tourn"]
[EventRounds "9"]
[EventCountry "ESP"]
[EventCategory "2"]
[Source "lmi"]
[SourceDate "2012.08.13"]

1. d4 Nf6 2. Nf3 g6 3. c4 Bg7 4. g3 O-O 5. Bg2 d6 6. O-O c5 7. dxc5 dxc5 8. Ne5
Nfd7 9. Nxd7 Nxd7 10. Nc3 Ne5 11. Qb3 Nc6 12. Bxc6 bxc6 13. Rd1 Qb6 14. Na4 Qb4
15. Be3 Rb8 16. Nxc5 Bxb2 17. Qxb4 Rxb4 18. Nd3 Rb7 19. Rab1 Ba3 20. Rxb7 Bxb7
21. Bxa7 Ba6 22. c5 Rd8 23. Kf1 e5 24. f3 f5 25. Rb1 e4 26. fxe4 fxe4 27. Nb4
Bb5 28. Nc2 Ra8 29. Nxa3 Rxa7 30. Nxb5 cxb5 31. Rxb5 Rxa2 32. Rb8+ Kg7 33. Rb7+
Kh6 34. Kf2 Rc2 35. Rc7 Kg5 36. Ke3 h5 37. c6 Kg4 38. Rc8 Kh3 39. c7 Kxh2 40.
Kf2 Kh3 41. Rg8 Rxc7 42. Rxg6 Rc3 43. Rg5 h4 44. gxh4 Kxh4 45. Rg8 Ra3 46. Rg7
Rb3 47. Rg6 Ra3 48. Re6 Kg4 49. Rxe4+ Kf5 50. Re7 Rb3 51. e3 Ra3 52. Kf3 Ra4
53. Rb7 Ke5 54. Rb6 Rc4 55. Rb5+ Ke6 56. e4 Rc1 57. Rh5 Ra1 58. Rd5 Rb1 59. Rd2
Ke5 60. Rd5+ Ke6 61. Ra5 Rc1 1/2-1/2

[Event "46. Villa de Mislata - Open A 2012"]
[Site "Mislata ESP"]
[Date "2012.08.14"]
[Round "2.9"]
[White "Jordan Arenas, Manuel"]
[Black "Peña Riasco, Alexander"]
[Result "1-0"]
[WhiteElo "2151"]
[BlackElo "2237"]
[PlyCount "85"]
[EventDate "2012.08.13"]
[EventType "tourn"]
[EventRounds "9"]
[EventCountry "ESP"]
[EventCategory "2"]
[Source "lmi"]
[SourceDate "2012.08.13"]

1. d4 d5 2. c4 c6 3. Nf3 Nf6 4. e3 a6 5. Bd3 Bg4 6. Qb3 Qc7 7. Ne5 e6 8. Nxg4
Nxg4 9. h3 Nf6 10. Nc3 Be7 11. Bd2 Nbd7 12. cxd5 exd5 13. Rc1 Qb6 14. Qd1 O-O
15. Na4 Qd8 16. Qf3 Bd6 17. b4 Qe7 18. Nc5 a5 19. Nxd7 Nxd7 20. b5 Bb4 21. bxc6
bxc6 22. Rxc6 Nf6 23. Bxb4 Qxb4+ 24. Ke2 Ne4 25. Bxe4 dxe4 26. Qxe4 Qb5+ 27.
Kf3 Rae8 28. Rc5 Qb8 29. Qf4 Qb7+ 30. Kg3 a4 31. Rhc1 Re6 32. f3 Qb2 33. R1c2
Qb1 34. Kh2 Rf6 35. Qc7 Qe1 36. e4 h6 37. d5 Re8 38. d6 Rxe4 39. d7 Rxf3 40.
d8=Q+ Kh7 41. Qd2 Rxh3+ 42. gxh3 Qf1 43. Qg3 1-0

[Event "46. Villa de Mislata - Open A 2012"]
[Site "Mislata ESP"]
[Date "2012.08.14"]
[Round "2.10"]
[White "Montalban Galvez, Antonio"]
[Black "Uran Bermudez, Oliver Kevin"]
[Result "0-1"]
[WhiteElo "2204"]
[BlackElo "2135"]
[PlyCount "36"]
[EventDate "2012.08.13"]
[EventType "tourn"]
[EventRounds "9"]
[EventCountry "ESP"]
[EventCategory "2"]
[Source "lmi"]
[SourceDate "2012.08.13"]

1. Nf3 d5 2. c4 c6 3. d4 Nf6 4. Nc3 a6 5. c5 Nbd7 6. Bf4 Nh5 7. Bd2 e5 8. Nxe5
Nxe5 9. dxe5 Bxc5 10. e4 g6 11. exd5 cxd5 12. g4 Qh4 13. Qf3 Bxg4 14. Qg2 O-O
15. Nxd5 Rfe8 16. Bc3 Rad8 17. h3 Be6 18. O-O-O Rxd5 0-1

[Event "46. Villa de Mislata - Open A 2012"]
[Site "Mislata ESP"]
[Date "2012.08.14"]
[Round "3.1"]
[White "Kovacevic, Slobodan"]
[Black "Serna Lara, Sergio"]
[Result "0-1"]
[WhiteElo "2300"]
[BlackElo "2234"]
[PlyCount "70"]
[EventDate "2012.08.13"]
[EventType "tourn"]
[EventRounds "9"]
[EventCountry "ESP"]
[EventCategory "2"]
[Source "lmi"]
[SourceDate "2012.08.13"]

1. d4 e6 2. Nf3 Nf6 3. Bf4 c5 4. e3 Qb6 5. Qc1 Nc6 6. c3 Nh5 7. Bg3 Nxg3 8.
hxg3 d5 9. Nbd2 cxd4 10. exd4 e5 11. Nb3 e4 12. Ng5 h6 13. Nh3 Bxh3 14. Rxh3 a5
15. Rh5 Rd8 16. Be2 Be7 17. Qc2 O-O 18. Nd2 f5 19. Qb3 Qc7 20. Nf1 Bg5 21. f4
exf3 22. gxf3 Rfe8 23. f4 Bf6 24. Rh2 Bxd4 25. Rd1 a4 26. Qxa4 Bb6 27. a3 d4
28. Qc4+ Kh8 29. Qb5 dxc3 30. Rxd8 Qxd8 31. bxc3 Ba5 32. Qc5 Nd4 33. Nd2 Bb6
34. cxd4 Bxc5 35. dxc5 Qa5 0-1

[Event "46. Villa de Mislata - Open A 2012"]
[Site "Mislata ESP"]
[Date "2012.08.14"]
[Round "3.2"]
[White "Montoliu Cervero, Francisco"]
[Black "Sos Andreu, Eric"]
[Result "0-1"]
[WhiteElo "2270"]
[BlackElo "2165"]
[PlyCount "48"]
[EventDate "2012.08.13"]
[EventType "tourn"]
[EventRounds "9"]
[EventCountry "ESP"]
[EventCategory "2"]
[Source "lmi"]
[SourceDate "2012.08.13"]

1. e4 e6 2. d4 d5 3. Bd3 dxe4 4. Bxe4 Nf6 5. Bf3 c5 6. Ne2 Nc6 7. Be3 e5 8.
Bxc6+ bxc6 9. dxc5 Qxd1+ 10. Kxd1 Nd5 11. Bd2 Bxc5 12. Rf1 Ba6 13. b3 Nf4 14.
Bxf4 exf4 15. c4 Bc8 16. a3 Bg4 17. f3 O-O-O+ 18. Nd2 Be3 19. Ra2 Bf5 20. Nc1
g5 21. Ke2 Rhe8 22. Kd1 g4 23. Ne2 Bd3 24. Ke1 Bxe2 0-1

[Event "46. Villa de Mislata - Open A 2012"]
[Site "Mislata ESP"]
[Date "2012.08.14"]
[Round "3.3"]
[White "Aymerich Rosell, Pablo"]
[Black "Diaz Velandia, Jose Manuel"]
[Result "1-0"]
[WhiteElo "2159"]
[BlackElo "2251"]
[PlyCount "71"]
[EventDate "2012.08.13"]
[EventType "tourn"]
[EventRounds "9"]
[EventCountry "ESP"]
[EventCategory "2"]
[Source "lmi"]
[SourceDate "2012.08.13"]

1. d4 d5 2. c4 e6 3. Nc3 Nf6 4. cxd5 exd5 5. Bg5 c6 6. Qc2 Be6 7. e3 Nbd7 8.
Nge2 Bd6 9. Nf4 Qe7 10. Nh5 O-O 11. Bd3 h6 12. Bh4 Bg4 13. Nxf6+ Nxf6 14. O-O
Rae8 15. Rae1 g5 16. Bg3 Bxg3 17. hxg3 Ne4 18. f3 Nxc3 19. bxc3 Be6 20. g4 c5
21. Bf5 Kg7 22. Qf2 cxd4 23. cxd4 Bd7 24. Qb2 Bc6 25. e4 Qc7 26. e5 Qa5 27. Re3
Rh8 28. Ra3 Qb6 29. Qd2 a6 30. f4 Bb5 31. Rf2 Qd8 32. Bc2 Rhf8 33. Raf3 Qe7 34.
a4 Bc4 35. Bb1 gxf4 36. Rxf4 1-0